| 000 | 02836cam a22003855i 4500 | ||
|---|---|---|---|
| 999 |
_c27862 _d27833 |
||
| 001 | 16344652 | ||
| 003 | EG-ScBUE | ||
| 005 | 20191203120937.0 | ||
| 008 | 100722r20102004enkb f b 001 0 eng d | ||
| 020 | _a9780199570720 (leather) | ||
| 020 | _a9780199570713 (hbk.) | ||
| 035 | _a(OCoLC)ocn495598200 | ||
| 040 |
_aUKM _beng _erda _cUKM _dYDXCP _dCDX _dIMD _dC#P _dBWX _dFDA _dDLC _dEG-ScBUE |
||
| 041 | 1 |
_aeng _aara _hara |
|
| 082 | 0 | 4 |
_a297.122521 _bQUR _222 |
| 130 | 0 |
_aQurʼan. _lEnglish & Arabic. |
|
| 245 | 1 | 4 |
_aThe Qur'an : _bEnglish translation and parallel Arabic text / _ctranslated with an introduction and notes by M. A. S. Abdel Haleem. |
| 250 | _aRevised edition. | ||
| 264 | 1 |
_aOxford ; _aNew York : _bOxford University Press, _c2010. |
|
| 300 |
_axxxix, 624 pages : _bmaps ; _c24 cm |
||
| 336 |
_atext _btxt _2rdacontent |
||
| 337 |
_aunmediated _bn _2rdamedia |
||
| 338 |
_avolume _bnc _2rdacarrier |
||
| 500 | _aEnglish translation first published 2004. | ||
| 500 | _a"Approved by Al-Azhar"--P. [4] of cover. | ||
| 504 | _aIncludes bibliographical references and index. | ||
| 520 | _aThe Qur'an, believed by Muslims to be the word of God, was revealed to the Prophet Muhammad over 1400 years ago. Recognized as the greatest literary masterpiece in Arabic, the sacred text has nevertheless remained difficult to understand in its English translations. First published in 2004, M. A. S. Abdel Haleem's translation has been acclaimed for its success in avoiding archaism and cryptic language to produce a version that is both faithful to the original and easy to read. Now for the first time it is published with the original Arabic text to give a greater appreciation and understanding of the holy book. The traditional Arabic calligraphic pages are displayed alongside the English translation, which has been revised for this new edition. A useful general introduction on the revelation, stylistic features, issues of interpretation and translation of the Qur'an is included, together with summaries of each sura, essential footnotes and an index. The verses are individually numbered to facilitate comparison with the Arabic. It is an edition both for those familiar with the Qur'an and for those coming to it for the first time; the message of the Qur'an was directly addressed to all people regardless of class, gender, or age, and this dual-language edition is equally accessible to everyone. | ||
| 520 | _aProfessor Haleem's translation is approved by Al-Azhar in Cairo, the world's leading authority on Qur'anic, Islamic, and Arabic studies. --Book Jacket. | ||
| 546 | _aTranslated from the Arabic. | ||
| 630 | 0 | 7 |
_aQurʼan. _2BUEsh |
| 653 |
_bHHUUEENN _bGGEN _cNovember2019 |
||
| 655 | _vReading book | ||
| 700 | 1 |
_aAbdel Haleem, M. A, _etranslator, _eauthor of introduction, etc. _eeditor. |
|
| 942 |
_2ddc _cBB |
||